Plain & Reinforced Concrete - 2 CE-310 (Record no. 554342)
[ view plain ]
| 000 -LEADER | |
|---|---|
| fixed length control field | 00373nam a22001337a 4500 |
| 008 - FIXED-LENGTH DATA ELEMENTS--GENERAL INFORMATION | |
| fixed length control field | 201023b ||||| |||| 00| 0 eng d |
| 082 ## - DEWEY DECIMAL CLASSIFICATION NUMBER | |
| Classification number | CP-95 |
| 100 ## - MAIN ENTRY--PERSONAL NAME | |
| Personal name | Sonyal, Muhammad Sarmad |
| 9 (RLIN) | 51792 |
| 245 ## - TITLE STATEMENT | |
| Title | Plain & Reinforced Concrete - 2 CE-310 |
| Remainder of title | CED-87- (Sec C& D) |
| 260 ## - PUBLICATION, DISTRIBUTION, ETC. | |
| Place of publication, distribution, etc. | Risalpur, |
| Name of publisher, distributor, etc. | MCE, |
| Date of publication, distribution, etc. | 2020. |
| 300 ## - PHYSICAL DESCRIPTION | |
| Extent | 150 |
| 526 ## - STUDY PROGRAM INFORMATION NOTE | |
| Program name | 0 |
| Interest level | 0 |
| Reading level | 0 |
| Title point value | CP_95 |
| 942 ## - ADDED ENTRY ELEMENTS (KOHA) | |
| Source of classification or shelving scheme | |
| Koha item type | Book |
| Source of classification or shelving scheme | |
| Withdrawn status | Lost status | Source of classification or shelving scheme | Damaged status | Not for loan | Permanent Location | Current Location | Date acquired | Total Checkouts | Full call number | Barcode | Date last seen | Date last checked out | Price effective from | Koha item type |
|---|---|---|---|---|---|---|---|---|---|---|---|---|---|---|
| Military College of Engineering (MCE) | Military College of Engineering (MCE) | 02/10/2020 | 1 | CP-95 | MCE-CP-95 | 02/10/2020 | 02/10/2020 | 02/10/2020 | Book |
